La socialización en la escuela: una perspectiva etnográfica

Saved in:
Bibliographic Details
Main Author: Vásquez Bronfman, Ana (Author)
Other Authors: Martínez Torralba, Isabel (autora)
Format: Book
Language:Spanish
Published: Barcelona Paidós 1996
Series:Papeles de Pedagogía, 26
Subjects:
Tags: Add Tag
No Tags, Be the first to tag this record!

MARC

LEADER 00000nam a2200000 a 4500
001 UCT2679
003 CL-VaPUC
008 961011e19960000SP |||||||||||||||||spa|d
020 |a 8449302196 
082 0 4 |a 370.19  |b VAS  |2 21 
100 0 |a Vásquez Bronfman, Ana  |e author  |9 371633 
700 |a Martínez Torralba, Isabel  |e autora  |9 371634 
245 1 3 |a La socialización en la escuela: una perspectiva etnográfica 
300 |a 200 p 
942 |c BK 
945 |d 19961011 00:00:00  |a nastorga 
260 |a Barcelona  |b Paidós  |c 1996 
650 0 |a Socialización  |9 309940 
650 0 |a Sociología de la educación   |9 260380 
650 0 |a Etnografía   |9 309735 
650 0 |a Investigación  |9 257811 
650 0 |a Profesores   |9 308968 
650 0 |a Alumnos   |9 335074 
650 0 |a Cultura  |9 269059 
650 7 |a ESCUELA  |2 CL-VaPUC  |9 347989 
650 0 |a Educación  |9 258661 
650 0 |a Relaciones interpersonales  |9 307056 
650 0 |a Psicología educacional   |9 307830 
583 |a last modification  |c 19961011 00:00:00  |k Rodrigo Vera 
490 0 |a Papeles de Pedagogía, 26 
999 |c 252663  |d 252661 
952 |0 0  |1 0  |4 0  |6 370_190000000000000_VAS_1996  |7 0  |8 A  |9 272640  |a BIBGIM  |b BIBGIM  |d 2019-11-19  |i 3237591  |o 370.19 VAS 1996  |p 3237591  |r 2025-01-15  |w 2019-11-19  |y BK  |k SSL 
952 |0 0  |1 0  |4 0  |6 370_190000000000000_VAS_1996  |7 0  |8 A  |9 272641  |a BIBEDU  |b BIBEDU  |d 2019-11-19  |i 3300676  |o 370.19 VAS 1996  |p 3300676  |r 2019-11-19  |w 2019-11-19  |y BK  |k EPE 
952 |0 0  |1 0  |4 0  |6 370_190000000000000_VAS_1996  |7 0  |8 A  |9 272642  |a BIBGIM  |b BIBGIM  |d 2019-11-19  |i 423538K  |o 370.19 VAS 1996  |p 423538K  |r 2025-01-15  |w 2019-11-19  |y BK  |k SSL 
952 |0 0  |1 0  |4 0  |6 370_190000000000000_VAS_1996  |7 0  |8 A  |9 272643  |a BIBGIM  |b BIBGIM  |d 2019-11-19  |i 4235398  |o 370.19 VAS 1996  |p 4235398  |r 2025-01-15  |w 2019-11-19  |y BK  |k SSL